00473 a2200169 450000100060000002000150000604000220002110000280004324000370007124500320010830000080014036200090014865000130015794200070017095201090017799900170028661289 a8523203451 cAnchieta - Pituba aSilva, Eliana Rodrigues10aDança e pós-modernidadelpor10aDança e pós-modernidade a2880 a2005 4aDanças cBK 00104070a91.1b91.1d2023-11-21l0o793 S586d SIL DANp13266/PITr2023-11-21 18:29:27w2023-11-21yBK c61289d61289